Obchod hledá nové cesty
Pozastavenie výstavby veľkých obchodných centier v Európe. Prvé nemecké supermarkety v histórii veľkoplošných predajní. Nevýhody odľahlých supermarketov pre spotrebiteľov. Spoločenské dôvody poklesu záujmu o nákupné centrá. Benzínové pumpy a železničné stanice - nový fenomén medzi nákupnými centrami...
Enregistré dans:
| Auteur principal: | |
|---|---|
| Format: | Chapitre de livre |
| Langue: | tchèque |
| Sujets: | |
| Tags: |
Pas de tags, Soyez le premier à ajouter un tag!
|
MARC
| LEADER | 00000naa a2200000 4500 | ||
|---|---|---|---|
| 001 | r034499 | ||
| 005 | 20230727094817.0 | ||
| 041 | 0 | |a cze | |
| 044 | |a CZ | ||
| 245 | 1 | 0 | |a Obchod hledá nové cesty |c Alena Máchová |
| 520 | |a Pozastavenie výstavby veľkých obchodných centier v Európe. Prvé nemecké supermarkety v histórii veľkoplošných predajní. Nevýhody odľahlých supermarketov pre spotrebiteľov. Spoločenské dôvody poklesu záujmu o nákupné centrá. Benzínové pumpy a železničné stanice - nový fenomén medzi nákupnými centrami. Ďalšie miesta využívané na nákupy obyvateľstva. Home shopping a virtuálne obchodné domy - výhody, nevýhody a predpoklady predaja cez internet. | ||
| 610 | 2 | 0 | |a nákup |
| 610 | 2 | 0 | |a technika predaja |
| 610 | 2 | 0 | |a supermarkety |
| 610 | 2 | 0 | |a hypermarkety |
| 610 | 2 | 0 | |a predajne |
| 610 | 2 | 0 | |a zásobovanie obyvateľstva |
| 610 | 2 | 0 | |a potraviny |
| 610 | 2 | 0 | |a siete obchodné |
| 610 | 2 | 0 | |a maloobchod |
| 610 | 2 | 0 | |a domy obchodné |
| 610 | 2 | 0 | |a domy obchodné virtuálne |
| 610 | 2 | 0 | |a distribúcia |
| 610 | 2 | 0 | |a potreby obyvateľstva |
| 610 | 2 | 0 | |a spotrebitelia |
| 610 | 2 | 0 | |a Nemecko |
| 610 | 2 | 0 | |a západná Európa |
| 100 | 1 | |a Máchová, Alena | |